ՀՀ Գիտությունների ազգային ակադեմիայի հիմնարար գիտական գրադարան  =   Fundamental Scientific Library of NAS RA

Կոմսուհի դը Մոնսորո : (Record no. 9052)

MARC details
000 -LEADER
fixed length control field 01239nam a2200265 a 4500
001 - CONTROL NUMBER
control field 000023104
003 - CONTROL NUMBER IDENTIFIER
control field AM-YEHGA
005 - DATE AND TIME OF LATEST TRANSACTION
control field 20250618070840.0
008 - FIXED-LENGTH DATA ELEMENTS--GENERAL INFORMATION
fixed length control field 981211s1988 ai |||||r|||||||||1|arm|d
020 ## - INTERNATIONAL STANDARD BOOK NUMBER
International Standard Book Number 5550001454
040 ## - CATALOGING SOURCE
Original cataloging agency AM-YeHGA
041 1# - LANGUAGE CODE
Language code of text/sound track or separate title arm
Language code of original rus
090 ## - LOCALLY ASSIGNED LC-TYPE CALL NUMBER (OCLC); LOCAL CALL NUMBER (RLIN)
-- 9115
100 1# - MAIN ENTRY--PERSONAL NAME
Personal name Դյումա, Ալեքսանդր (հայր)
Dates associated with a name 1802-1870
9 (RLIN) 40
245 10 - TITLE STATEMENT
Title Կոմսուհի դը Մոնսորո :
Remainder of title Վեպ /
Statement of responsibility, etc. Ալ. Դյումա ; Ռուս. թարգմ.՝ Ռ. Ավագյան ; Խմբ.՝ Վ. Բաբայան ; Ծանոթագր.՝ Ա. Ստոլյարով.
260 ## - PUBLICATION, DISTRIBUTION, ETC.
Place of publication, distribution, etc. Երևան :
Name of publisher, distributor, etc. Սովետական գրող,
Date of publication, distribution, etc. 1988.
300 ## - PHYSICAL DESCRIPTION
Extent 848 էջ ;
Dimensions 22 սմ.
500 ## - GENERAL NOTE
General note Ծանոթագր., էջ՝ 830-841
500 ## - GENERAL NOTE
General note Այս գիրքը եռագրության («Մարգո թագուհին», «Կոմսուհի դը Մոնսորո», «Քառասունհինգ») II գիրքն է
650 14 - SUBJECT ADDED ENTRY--TOPICAL TERM
Topical term or geographic name entry element Ֆրանսիական գրականություն
General subdivision Վեպ
700 1# - ADDED ENTRY--PERSONAL NAME
Personal name Ավագյան, Ռաֆայել Արսենի,
Dates associated with a name 1925-2003
Relator term թարգմ.
Relationship trl
9 (RLIN) 9262
700 1# - ADDED ENTRY--PERSONAL NAME
Personal name Բաբայան, Վարդգես Հակոբի,
Dates associated with a name 1925-2005
Relator term խմբ.
Relationship edt
9 (RLIN) 1703
700 1# - ADDED ENTRY--PERSONAL NAME
Personal name Ստոլյարով, Ա.
Relator term ծանոթագր.
Relationship cmm
942 ## - ADDED ENTRY ELEMENTS (KOHA)
Source of classification or shelving scheme Universal Decimal Classification
Koha item type Գրքեր / Books
Holdings
Withdrawn status Lost status Damaged status Not for loan Collection Home library Current library Date acquired Total checkouts Full call number Barcode Date last seen Copy number Price effective from Koha item type Public note
        General Fundamental Scientific Library Fundamental Scientific Library 21/12/2016   AII/76074 FL0222785 21/12/2016 840 21/12/2016 Գրքեր / Books 30 Days Loan
        General Fundamental Scientific Library Fundamental Scientific Library 21/12/2016   AII/76415 FL0254584 21/12/2016 840 21/12/2016 Գրքեր / Books 30 Days Loan
        General Fundamental Scientific Library Fundamental Scientific Library 21/12/2016   AII/76416 220076416 21/12/2016 840 21/12/2016 Գրքեր / Books 30 Days Loan


ՀՀ ԳԱԱ հիմնարար գիտական գրադարան
ՀՀ,Երևան 0019
Մարշալ Բաղրամյան 24/6
հեռախոս:(374-10) 52-47-50
Հետադարձ կապ

All site content, except where otherwise noted, is licensed under a
Creative Commons License